No Logo: Brands, Globalization and Resistance (Record no. 333539)
[ view plain ]
| 000 -LEADER | |
|---|---|
| fixed length control field | 00569nam a2200097Ia 4500 |
| 008 - FIXED-LENGTH DATA ELEMENTS--GENERAL INFORMATION | |
| fixed length control field | 170517s9999 xx 000 0 und d |
| 245 ## - TITLE STATEMENT | |
| Title | No Logo: Brands, Globalization and Resistance |
| 300 ## - PHYSICAL DESCRIPTION | |
| Extent | In the age of the brand, logos are everywhere. But why do some of the world's best-known brands find themselves on the wrong end of the spray paint can -- the targets of anti-corporate campaigns by activists and protesters? No Logo, based on the best-selling book by... |
| 650 ## - SUBJECT ADDED ENTRY--TOPICAL TERM | |
| General subdivision | Media. |
| 856 ## - ELECTRONIC LOCATION AND ACCESS | |
| Uniform Resource Identifier | <a href="http://topdocumentaryfilms.com/no-logo-brands-globalization-resistance/">http://topdocumentaryfilms.com/no-logo-brands-globalization-resistance/</a> |
| Withdrawn status | Lost status | Damaged status | Home library | Current library | Date acquired | Total Checkouts | Date last seen | Price effective from | Koha item type |
|---|---|---|---|---|---|---|---|---|---|
| College Library | College Library | 05/17/2017 | 05/17/2017 | 05/17/2017 | Documentary Films |